书目信息 |
| 题名: |
中华人民共和国国家标准
|
|
| 作者: | ;国家标准总局 发布 | |
| 分册: | 化学试剂氢氧化钠(GB629-81) | |
| 出版信息: | 1981 |
|
| 页数: | 4页 | |
| 开本: | 29cm | |
| 丛书名: | ||
| 单 册: | ||
| 中图分类: | O611.64 | |
| 科图分类: | ||
| 主题词: | 无机化学 | |
| 电子资源: | ||
| ISBN: | ||
| 000 | 00685nam0 2200193 450 | |
| 001 | 0759047008 | |
| 005 | 20071003172327.07 | |
| 010 | @dCNY0.14 | |
| 100 | @a20071003d1981 km y0chiy0120 ea | |
| 101 | 0 | @achi |
| 200 | 1 | @a中华人民共和国国家标准@Azhong hua ren min gong he guo guo jia biao zhun@i化学试剂氢氧化钠(GB629-81)@f国家标准总局发布@Fguo jia biao zhun zong ju fa bu |
| 210 | @d1981 | |
| 215 | @a4页@d29cm | |
| 517 | 1 | @a化学试剂氢氧化钠(GB629-81)@Ahua xue shi ji qing yang hua na(GB629-81) |
| 606 | 0 | @a无机化学 |
| 690 | @aO611.64@v4 | |
| 711 | 02 | @a国家标准总局@Aguo jia biao zhun zong ju@4发布 |
| 801 | 0 | @aCN@b大连网信软件有限公司图书馆·11@c20071003 |
| 905 | @aZUCC@dO611.64@e28 | |
| 中华人民共和国国家标准.化学试剂氢氧化钠(GB629-81)/国家标准总局发布.-1981 |
| 4页;29cm |
| ISBN :CNY0.14 |
| ● |
| 相关链接 |
|
|
|
|
正题名:中华人民共和国国家标准
索取号:O611.64/28
 
预约/预借
| 序号 | 登录号 | 条形码 | 馆藏地/架位号 | 状态 | 备注 |
| 1 | 0055162 | 202465607 | 密集书库/ [索取号:O611.64/28] | 在馆 | |
| 2 | 0055163 | 202465616 | 密集书库/ [索取号:O611.64/28] | 在馆 |